<?xml version="1.0" encoding="UTF-8"?>
<record
    xmlns:xsi="http://www.w3.org/2001/XMLSchema-instance"
    xsi:schemaLocation="http://www.loc.gov/MARC21/slim http://www.loc.gov/standards/marcxml/schema/MARC21slim.xsd"
    xmlns="http://www.loc.gov/MARC21/slim">

  <leader>01818nam a2200325   4500</leader>
  <controlfield tag="003">EG-GICUC</controlfield>
  <controlfield tag="005">20260414165502.0</controlfield>
  <controlfield tag="008">260414s2007    ne ||||fr|||| 000 0 ara d</controlfield>
  <datafield tag="020" ind1=" " ind2=" ">
    <subfield code="a">92-9227-064-8</subfield>
  </datafield>
  <datafield tag="040" ind1=" " ind2=" ">
    <subfield code="a"> EG-GICUC</subfield>
    <subfield code="b">ara</subfield>
    <subfield code="c"> EG-GICUC</subfield>
    <subfield code="d"> EG-GICUC</subfield>
    <subfield code="e">rda</subfield>
  </datafield>
  <datafield tag="041" ind1="0" ind2=" ">
    <subfield code="a">ara</subfield>
  </datafield>
  <datafield tag="082" ind1="0" ind2="4">
    <subfield code="2">21</subfield>
    <subfield code="a">343.5045</subfield>
    <subfield code="b">&#x645; &#x62D; . &#x646;</subfield>
  </datafield>
  <datafield tag="092" ind1="0" ind2="4">
    <subfield code="2">21</subfield>
  </datafield>
  <datafield tag="099" ind1=" " ind2=" ">
    <subfield code="a"> Law1 10 343.5045 &#x645; &#x62D; . &#x646; [2007]</subfield>
  </datafield>
  <datafield tag="110" ind1="1" ind2=" ">
    <subfield code="a">&#x644;&#x627;&#x647;&#x627;&#x64A;. </subfield>
    <subfield code="b">&#x627;&#x644;&#x645;&#x62D;&#x643;&#x645;&#x629; &#x627;&#x644;&#x62C;&#x646;&#x627;&#x626;&#x64A;&#x629; &#x627;&#x644;&#x62F;&#x648;&#x644;&#x64A;&#x629;.</subfield>
  </datafield>
  <datafield tag="245" ind1="1" ind2="0">
    <subfield code="a">&#x646;&#x638;&#x627;&#x645; &#x631;&#x648;&#x645;&#x627; &#x627;&#x644;&#x623;&#x633;&#x627;&#x633;&#x64A; / </subfield>
    <subfield code="c">&#x644;&#x644;&#x645;&#x62D;&#x643;&#x645;&#x629; &#x627;&#x644;&#x62C;&#x646;&#x627;&#x626;&#x64A;&#x629; &#x627;&#x644;&#x62F;&#x648;&#x644;&#x64A;&#x629;</subfield>
  </datafield>
  <datafield tag="264" ind1=" " ind2="1">
    <subfield code="a">&#x644;&#x627;&#x647;&#x627;&#x64A; : </subfield>
    <subfield code="b">&#x627;&#x644;&#x645;&#x62D;&#x643;&#x645;&#x629; &#x627;&#x644;&#x62C;&#x646;&#x627;&#x626;&#x64A;&#x629; &#x627;&#x644;&#x62F;&#x648;&#x644;&#x64A;&#x629;&#x60C; </subfield>
    <subfield code="c">2007.</subfield>
  </datafield>
  <datafield tag="300" ind1=" " ind2=" ">
    <subfield code="a">94 &#x635;&#x641;&#x62D;&#x629; &#x61B; </subfield>
    <subfield code="c">24 &#x633;&#x645;.</subfield>
    <subfield code="b">&#x625;&#x64A;&#x636;&#x627;&#x62D;&#x64A;&#x627;&#x62A;&#x60C; &#x635;&#x648;&#x631;&#x60C; &#x645;&#x62B;&#x64A;&#x644;&#x64A;&#x627;&#x62A; &#x61B; </subfield>
  </datafield>
  <datafield tag="336" ind1=" " ind2=" ">
    <subfield code="2">rda content</subfield>
    <subfield code="a">text</subfield>
  </datafield>
  <datafield tag="337" ind1=" " ind2=" ">
    <subfield code="2">rda media</subfield>
    <subfield code="a">Computer</subfield>
  </datafield>
  <datafield tag="338" ind1=" " ind2=" ">
    <subfield code="2">rda carrier</subfield>
    <subfield code="a">Online Resource</subfield>
  </datafield>
  <datafield tag="504" ind1=" " ind2=" ">
    <subfield code="a">. 240-220 &#x628;&#x628;&#x644;&#x64A;&#x648;&#x62C;&#x631;&#x627;&#x641;&#x64A;&#x627;: &#x635;&#x641;&#x62D;&#x627;&#x62A;.</subfield>
  </datafield>
  <datafield tag="505" ind1=" " ind2=" ">
    <subfield code="a">&#x64A;&#x62A;&#x636;&#x645;&#x646; &#x647;&#x630;&#x627; &#x627;&#x644;&#x645;&#x62C;&#x644;&#x62F; &#x646;&#x638;&#x627;&#x645; &#x631;&#x648;&#x645;&#x627; &#x627;&#x644;&#x623;&#x633;&#x627;&#x633;&#x64A; &#x627;&#x644;&#x645;&#x639;&#x645;&#x645; &#x628;&#x648;&#x635;&#x641;&#x647; &#x627;&#x644;&#x648;&#x62B;&#x64A;&#x642;&#x629; 183/9.A/CONF &#x627;&#x644;&#x645;&#x624;&#x631;&#x62E;&#x629; &#x661;&#x667; &#x62A;&#x645;&#x648;&#x632; / &#x64A;&#x648;&#x644;&#x64A;&#x647; &#x6F1;&#x6F9;&#x6F9;&#x6F8; &#x60C; &#x648;&#x627;&#x644;&#x645;&#x635;&#x648;&#x651;&#x628; &#x628;&#x645;&#x648;&#x62C;&#x628; &#x627;&#x644;&#x645;&#x62D;&#x627;&#x636;&#x631; &#x627;&#x644;&#x645;&#x624;&#x631;&#x62E;&#x629; &#x661;&#x660; &#x62A;&#x634;&#x631;&#x64A;&#x646; &#x627;&#x644;&#x62B;&#x627;&#x646;&#x64A; / &#x646;&#x648;&#x641;&#x645;&#x628;&#x631; &#x6F1;&#x6F9;&#x6F9;&#x6F8;&#x60C; &#x648; &#x6F1;&#x6F2; &#x62A;&#x645;&#x648;&#x632; / &#x64A;&#x648;&#x644;&#x64A;&#x647; &#x6F1;&#x6F9;&#x6F9;&#x6F9;&#x60C; &#x648; &#x6F3;&#x6F0; &#x62A;&#x634;&#x631;&#x64A;&#x646; &#x627;&#x644;&#x62B;&#x627;&#x646;&#x64A; / &#x646;&#x648;&#x641;&#x645;&#x628;&#x631; &#x6F1;&#x6F9;&#x6F9;&#x6F9; &#x60C; &#x648; &#x6F8; &#x623;&#x64A;&#x627;&#x631; / &#x645;&#x627;&#x64A;&#x648; &#x6F2;&#x6F0;&#x6F0;&#x6F0; &#x60C; &#x648; &#x6F1;&#x6F7; &#x643;&#x627;&#x646;&#x648;&#x646; &#x627;&#x644;&#x62B;&#x627;&#x646;&#x64A; / &#x64A;&#x646;&#x627;&#x64A;&#x631; &#x6F2;&#x6F0;&#x6F0;&#x6F1; &#x60C; &#x648; &#x661;&#x666; &#x643;&#x627;&#x646;&#x648;&#x646; &#x627;&#x644;&#x62B;&#x627;&#x646;&#x64A; / &#x64A;&#x646;&#x627;&#x64A;&#x631; &#x6F2;&#x6F0;&#x6F0;&#x6F2; . &#x648;&#x62F;&#x62E;&#x644; &#x627;&#x644;&#x646;&#x638;&#x627;&#x645; &#x627;&#x644;&#x623;&#x633;&#x627;&#x633;&#x64A; &#x62D;&#x64A;&#x632; &#x627;&#x644;&#x646;&#x641;&#x627;&#x630; &#x641;&#x64A; 1 &#x62A;&#x645;&#x648;&#x632; / &#x64A;&#x648;&#x644;&#x64A;&#x647; &#x6F2;&#x6F0;&#x6F0;&#x6F2;.</subfield>
  </datafield>
  <datafield tag="546" ind1=" " ind2=" ">
    <subfield code="a">&#x627;&#x644;&#x646;&#x635; &#x628;&#x627;&#x644;&#x644;&#x63A;&#x629; &#x627;&#x644;&#x639;&#x631;&#x628;&#x64A;&#x629;</subfield>
  </datafield>
  <datafield tag="650" ind1="1" ind2=" ">
    <subfield code="a">&#x627;&#x644;&#x642;&#x627;&#x646;&#x648;&#x646; &#x627;&#x644;&#x62C;&#x646;&#x627;&#x626;&#x64A; &#x627;&#x644;&#x62F;&#x648;&#x644;&#x64A;.</subfield>
    <subfield code="2">qrmak</subfield>
  </datafield>
  <datafield tag="651" ind1="1" ind2=" ">
    <subfield code="2">qrmak</subfield>
  </datafield>
  <datafield tag="856" ind1="4" ind2="0">
    <subfield code="u">https://fll.law.cu.edu.eg/fulltext/bks/B10-09329.pdf</subfield>
  </datafield>
  <datafield tag="905" ind1=" " ind2=" ">
    <subfield code="a">62</subfield>
  </datafield>
  <datafield tag="942" ind1=" " ind2=" ">
    <subfield code="2">ddc</subfield>
    <subfield code="n">0</subfield>
    <subfield code="c">BK</subfield>
    <subfield code="e">21</subfield>
  </datafield>
  <datafield tag="999" ind1=" " ind2=" ">
    <subfield code="c">70965</subfield>
    <subfield code="d">70965</subfield>
  </datafield>
  <datafield tag="952" ind1=" " ind2=" ">
    <subfield code="0">0</subfield>
    <subfield code="1">0</subfield>
    <subfield code="2">ddc</subfield>
    <subfield code="4">0</subfield>
    <subfield code="7">1</subfield>
    <subfield code="8">&#x627;&#x644;&#x642;&#x627;&#x646;&#x648;&#x646; &#x627;&#x644;&#x62C;&#x646;&#x627;&#x626;&#x64A;</subfield>
    <subfield code="a">CU</subfield>
    <subfield code="b">LAW1</subfield>
    <subfield code="d">2026-04-14</subfield>
    <subfield code="l">0</subfield>
    <subfield code="o"> Law1 10 343.5045 &#x645; &#x62D; . &#x646; [2007] 1009329 C1</subfield>
    <subfield code="p">B10-09329</subfield>
    <subfield code="r">2026-04-14 16:55:31</subfield>
    <subfield code="t">1</subfield>
    <subfield code="w">2026-04-14</subfield>
    <subfield code="y">BK</subfield>
  </datafield>
</record>
